Письма княгини Барятинской Софьи Шиллингу М. Ф.

Доступно только в Электронных читальных залах Найти на картеНа карте
RUSMARC
00004461nac2a22003013x 450
001f68cac4e-b589-4168-9254-48b32ba94045
00520211213161032.0
100##$a20211120l19101915k y0rusy50 ca
1010#$arus
$afre
102##$aRU
105##$ay z |||e|
1222#$ad19100812
$ad19150121
2001#$aПисьма княгини Барятинской Софьи Шиллингу М. Ф.
$j12 августа 1910 - 21 января 1915
215##$a24 листа
251##$cДело
300##$aНа папке дела: 12/10-1910 - 21/1-1915
300##$aВ деле имеются документы без дат
300##$aЧасть текста на французском и итальянском языках
300##$aЛисты: 1, 4, 10, 13, 14, 17, 21 - конверты с марками и почтовыми штемпелями; 9 - газетная вырезка (итал.); 24 - конверт-письмо с маркой
300##$aРукописный и типографский текст
330##$aВходит в раздел описи: 3. Документы о научной и литературной деятельности барона Шиллинга М. Ф.. Письма разных лиц Шиллингу М. Ф.
461#0$1001ff9fc58f-089b-437b-980d-902343bc59d8
$12001
$aШиллинг Маврикий Фабианович, барон, секретарь русского посольства в Вене
$1251
$cФонд
$1852
$j813
462#0$1001665c067c-d934-4316-b9df-5bf0ad49190b
$12001
$aДела постоянного хранения. 1817-1917
$vД. 158
$1251
$cОпись
$1852
$j1
600#1$aШиллинг
$bМ. Ф.
$cбарон
$gМаврикий Фабианович
600#1$aБарятинская
$bС.
$cкнягиня
$gСофья
801#0$aRU
$bGA_RF
801#1$aRU
$bГлавНИВЦ
$c20211120
$2rusmarc
801#2$aRU
$bПБ им. Б.Н. Ельцина
$c20211213
$gRCR
$2rusmarc
852##$aГА РФ
$j158
937##$d171525266
$hГАРФ
035##$aRuPRLIB51060895
856##$uhttp://readingroom.main.prlib.ru/item.aspx?id_node=n171525266&mode=full
Формат отображения